• 首页
  • 本馆介绍
  • 公告通知
  • 最新文献
  • 馆藏检索
  • 电子资源
  • 读者导购
  • 参考咨询
  • 我的图书馆
  • 登录
  • 详细信息显示
  • 放入我的书架
  • 预约/预借图书
  • 作者相关作品
  • 分类相关作品
  • 丛书相关作品
  • 出版社相关作品

书目信息

  • 表格格式
  • 工作单格式
  • 卡片格式
书名: America’s new frontier
作者:
分册号:
分册名:
出版地: New York :
 
出版社: Knopf
出版时间: 1950.
页数: xviii, 314, ix p. :
开本: 22 cm.
丛书名:
中图分类号:
科图分类号:
其他分类号: K700
主题词:
电子资源:
000 00896cam a22003011 450
001 E0755564607
005 20070420152833.45
008 750813s1950 nyuab b 000 0 eng
010    @a50007765
035    @A(DLC) 50007765
035    @a(OCoLC)1543416
040    @aDLC@cFJ@dOCoLC@dDLC
042    @apremarc
043    @anr-----
050 00 @aF721@b.G3 1950
082    @a978
090    @aK700
099    @dK700@ex20
100 1  @aGarnsey, Morris E.,@d1906-
245 10 @aAmerica’s new frontier :@bthe Mountain West.
250    @a[1st ed.].
260    @aNew York :@bKnopf,@c1950.
300    @axviii, 314, ix p. :@bmaps, diagrs. ;@c22 cm.
504    @aBibliography: p. 310-314.
651  0 @aRocky Mountains Region.
906    @a7@bcbc@coclcrpl@du@encip@f19@gy-gencatlg
985    @eOCLC REPLACEMENT cdsdistr
991    @bc-GenColl@hF721@i.G3 1950@p00053405149@tCopy 1@wOCLCREP
    
    America’s new frontier : : the Mountain West.-[1st ed.].-New York : : Knopf, , 1950.
    xviii, 314, ix p. : : maps, diagrs. ; ; 22 cm.
    Bibliography: p. 310-314.
    
    ISBN
    
●
相关链接 在E读中查询图书 在五车中查询图书 在当当中查询图书 在豆瓣中查询图书


正题名:America's new frontier     索取号:K700/x20         预约/预借

序号 登录号 条形码 馆藏地/架位号 状态 备注
1 3919   300039198   第二样本阅览室/ [索取号:K700/x20] 在馆    
唐山师范学院图书馆 欢迎您!
大连网信软件有限公司© 版权所有